000 00443nam a2200145 a 4500
001 000039508
005 20201002031702.0
008 130704s2002 dr 000 0 spa d
040 _aDO-SdBNP
_bspa
_cBNPHU
082 _axxx
_bL735d
100 1 _aLinares, Manuel
_953454
245 1 0 _aDos disertaciones y dos discursos en el plano económico /
_cManuel Linares.
260 _aSanto Domingo :
_bArtes Gráficas,
_c2002.
300 _a66 p. ;
_c21 cm.
999 _c38998
_d38998